000 00632nam a22002052 4500
001 0000004481
005 20151217145810.0
008 070523s xx 000 0 eng d
020 _a0070366187 :
040 _aKABU
_cKABU
050 0 _aQA76.9
_b.I58L38 1996
100 1 _aLaudon, Kenneth C.
_@0000154968
245 1 0 _aInteractive computing :
_bconcepts and skills /
_cKenneth C. Laudon.
260 _aNew York :
_bMcGraw-Hill,
_c1996.
300 _axix, 286 p. ;
_c26 cm.
650 0 _aInteractive computer systems.
_@0000155069
908 _a070523
950 _@1
999 _c2721
_d2721